Forest history today (Registro nro. 17246)

Detalles MARC
000 -CABECERA
Campo de control 00744nas a2200217 a 4500
005 - FECHA Y HORA DE LA ULTIMA TRANSACCION
Campo de control 20181010153612.0
008 - ELEMENTOS DE LONGITUD FIJA—INFORMACION GENERAL
Campo de control 960104c19959999ncuar 0 |a0eng d
040 ## - FUENTE DE CATALOGACIÓN
Agencia catalogadora original VXG
Agencia transcriptora VXG
Agencia Modificadora VXF
-- CO-BoIAVH
041 0# - IDIOMA
Código de idioma para texto/pista de sonido o título separado Inglés
044 ## - PAÍS DE PUBLICACIÓN
País de publicación Estados Unidos
090 ## - CLASIFICACIÓN LOCAL
Colección SE
245 00 - MENCION DE TITULO
Título Forest history today
260 ## - PUBLICACION, DISTRIBUCION, ETC. (PIE DE IMPRENTA)
Lugar de publicación, distribución, etc. Durham, NC (Estados Unidos) :
Nombre del editor, distribuidor, etc. Forest History Society,
Fecha de publicación, distribución, etc. 1995-.
300 ## - DESCRIPCION FISICA
Otros detalles físicos illustraciones ;
Dimensiones 28 cm.
310 ## - FRECUENCIA ACTUAL DE LA PUBLICACIÓN
Frecuencia actual de la publicación Anual
650 26 - ASIENTO SECUNDARIO DE MATERIA - TERMINO TEMATICO
9 (RLIN) 91006
Término temático o nombre geográfico como elemento de entrada Ciencias forestales
Subdivisión de forma Publicaciones periódicas
Subdivisión geográfica Estados Unidos
Subdivisión general Historia
610 26 - ASIENTO SECUNDARIO DE MATERIA - NOMBRE CORPORATIVO
Nombre corporativo o nombre de la jurisdicción como elemento de entrad Forest History Society.
Subdivisión de forma Publicaciones periódicas
650 26 - ASIENTO SECUNDARIO DE MATERIA - TERMINO TEMATICO
Término temático o nombre geográfico como elemento de entrada Bosques
Subdivisión geográfica Estados Unidos
Subdivisión general Historia
Subdivisión de forma Publicaciones periódicas
9 (RLIN) 91005
710 2# - ASIENTO SECUNDARIO - NOMBRE CORPORATIVO
Nombre corporativo o de jurisdicción como elemento de entrada Forest History Society.
9 (RLIN) 62893
942 ## - ELEMENTOS ADICIONALES (KOHA)
Sistema de clasificación Local
Tipo de ítem Periodica o revista
Serial record 1
Existencias
Withdrawn status Lost status Sistema de Clasificación Damaged status No para préstamo Colección Fecha publicación (Año) Ubicación Permanente Ubicación actual Fecha de adquisición Datos de publicación Seriada Total Checkouts Número topográfico Inventario / Código de Barras Date last seen Ejemplar Price effective from Forma de adquisición Tipo de material Inventariado
    Local     Hemeroteca 1999 Bogotá Bogotá 04/05/2018 Edición 1999 Primavera   SE 059743 04/05/2018 Ej. 1 04/05/2018 Donación Periodica o revista  
    Local     Hemeroteca 1998 Bogotá Bogotá 04/05/2018 Edición 1998   SE 016222 04/05/2018 Ej. 1 04/05/2018 Donación Periodica o revista Inventariado 2017
    Local     Hemeroteca 1997 Bogotá Bogotá 04/05/2018 Edición 1997   SE 059744 04/05/2018 Ej. 1 04/05/2018 Donación Periodica o revista  
    Local     Hemeroteca 1999 Bogotá Bogotá 04/05/2018 Edición 1999 Otoño   SE 059742 04/05/2018 Ej. 1 04/05/2018 Donación Periodica o revista